Anita e os amigos divertem-se (Registo nº 52257)

Detalhes MARC
000 -Etiqueta do registo
campo de controlo de comprimento fixo 008070000a22002530004500
001 - Identificador do registo
Campo de controlo 52257
010 ## - ISBN
Número (ISBN) 972-22-2044-6
021 ## - Nº depósito legal
Código do país Portugal
Número 191963/03
100 ## - Dados Gerais de Proc.
Dados gerais de processamento 20180418d2018 k y0pory5003 ba
101 0# - Língua da publicação
Língua do texto, banda sonora, etc. Português
102 ## - País de Publicação
País de publicação Portugal
200 1# - Título
Título próprio Anita e os amigos divertem-se
Primeira menção de responsabilidade Gilbert Delahaye; Marcel Marlier
210 ## - Publicação, Distribuição
Lugar da edição, distribuição, etc. Lisboa
Nome do editor, distribuidor, etc. Verbo
Data da publicação, distribuição, etc. d.l. 2003
215 ## - Descrição física
Descrição física [12] p.
Outras indicações físicas muito il.
Material acompanhante 40 autocolantes reutilizáveis
225 2# - Colecção
Título próprio da colecção Anita e os amigos
606 ## - Nome comum
Elemento de entrada Conto infantojuvenil
675 ## - CDU
Notação 82-34
Edição BN
Língua da edição Português
675 ## - CDU
Notação 087.5-053.5
Edição BN
Língua da edição Português
702 #1 - Responsabilidade secundária
Koha Internal Code 16804
Código de função Antecedente bibliográfico
Palavra de ordem Delahaye
Outra parte do nome Gilbert
Datas 1923-1997
702 ## - Responsabilidade secundária
Koha Internal Code 29823
Código de função Antecedente bibliográfico
Palavra de ordem Marlier
Outra parte do nome Marcel
Datas 1930-2011
801 ## - Fonte de origem
País Portugal
Data da última transacção 20180418
090 ## - Números de controlo do sistema (Koha)
Número biblioitem do Koha (gerado automaticamente) 52257
942 ## - Elementos de entrada adicionados (Koha)
Tipo de item no Koha Monografias
Suprimido Disponível no OPAC
999 ## - Campo local
Campo local 52257
-- Bibliobase - BEBDPPC
-- 2019-01-21
Exemplares
Perdido (estado) Data de aquisição Origem do registo (biblioteca) (codificado) Código da organização que empresta ou é detentora (biblioteca) Código de barras Cota Tipo de circulação (não pode ser emprestado) Tipo de item e material
Disponível 2018-04-18 Biblioteca EB23 D. Paio Peres Correia Biblioteca EB23 D. Paio Peres Correia BEBDPPC7910 82.03-34 ANI Normal Monografias